[Event "European Senior Team Championship 2021"]
[Site "Don Giovanni hotel, Vinohradska 2733, Prague, Czech Republic"]
[Date "2021.08.30"]
[Round "1"]
[Board "2"]
[White "Koper, Stefan"]
[Black "Uddenfeldt, Dan"]
[Result "0-1"]
[WhiteElo "1827"]
[BlackElo "2309"]
[PlyCount "0"]
[EventDate "2021.08.30"]
[EventType "team"]
[EventRounds "9"]
[EventCountry "ECX"]
[WhiteTeam "OLDEST BOYS"]
[BlackTeam "SWEDEN 1"]

1. d4 {[%clk 1:30:54]} Nf6 {[%clk 1:30:35]} 2. Bf4 {[%clk 1:31:05]} b6
{[%clk 1:28:55]} 3. Nf3 {[%clk 1:30:29]} e6 {[%clk 1:28:50]} 4. e3
{[%clk 1:30:24]} Bb7 {[%clk 1:28:19]} 5. Be2 {[%clk 1:30:38]} Be7
{[%clk 1:27:48]} 6. h3 {[%clk 1:30:18]} d6 {[%clk 1:27:00]} 7. O-O
{[%clk 1:30:41]} Nbd7 {[%clk 1:25:13]} 8. a4 {[%clk 1:24:33]} a5 {[%clk 1:22:59]}
9. Nc3 {[%clk 1:24:29]} O-O {[%clk 1:18:44]} 10. Bh2 {[%clk 1:23:52]} Rc8
{[%clk 1:14:05]} 11. Nb5 {[%clk 1:24:05]} Ne4 {[%clk 1:10:22]} 12. Nd2
{[%clk 1:23:49]} Nxd2 {[%clk 1:06:05]} 13. Qxd2 {[%clk 1:24:10]} Nf6
{[%clk 1:06:20]} 14. c4 {[%clk 1:23:46]} d5 {[%clk 1:03:29]} 15. Nc3
{[%clk 1:23:47]} dxc4 {[%clk 1:01:54]} 16. Bxc4 {[%clk 1:23:55]} c5
{[%clk 1:01:50]} 17. b3 {[%clk 1:18:27]} Bd6 {[%clk 1:01:23]} 18. Bxd6
{[%clk 1:18:26]} Qxd6 {[%clk 1:01:47]} 19. Rad1 {[%clk 1:18:18]} Rcd8
{[%clk 1:00:33]} 20. Qe2 {[%clk 1:15:34]} cxd4 {[%clk 0:52:41]} 21. exd4
{[%clk 1:13:53]} Qc6 {[%clk 0:42:59]} 22. f3 {[%clk 1:09:04]} Rd7
{[%clk 0:40:56]} 23. Qe3 {[%clk 1:03:55]} Qd6 {[%clk 0:33:03]} 24. Rf2
{[%clk 1:00:58]} Rfd8 {[%clk 0:31:41]} 25. Rfd2 {[%clk 0:55:22]} Qb4
{[%clk 0:30:56]} 26. Na2 {[%clk 0:50:06]} Qf8 {[%clk 0:27:33]} 27. Nc3
{[%clk 0:48:01]} h6 {[%clk 0:27:42]} 28. Qe5 {[%clk 0:41:22]} Nd5
{[%clk 0:24:06]} 29. Ne2 {[%clk 0:39:39]} Qb4 {[%clk 0:21:58]} 30. Rd3
{[%clk 0:39:23]} Bc6 {[%clk 0:20:31]} 31. Ng3 {[%clk 0:33:33]} Qe7
{[%clk 0:18:23]} 32. Re1 {[%clk 0:28:33]} Nb4 {[%clk 0:16:02]} 33. Rd2
{[%clk 0:27:35]} Qh4 {[%clk 0:15:27]} 34. Red1 {[%clk 0:26:51]} Bd5
{[%clk 0:14:16]} 35. Ne2 {[%clk 0:23:55]} Nc6 {[%clk 0:06:05]} 36. Qe3
{[%clk 0:24:13]} Qf6 {[%clk 0:06:20]} 37. Bb5 {[%clk 0:23:58]} Qg5
{[%clk 0:04:40]} 38. Qxg5 {[%clk 0:19:24]} hxg5 {[%clk 0:05:09]} 39. Rd3
{[%clk 0:19:31]} Rd6 {[%clk 0:04:56]} 40. Rc3 {[%clk 0:19:24]} Ne7
{[%clk 0:04:45]} 41. Bd3 {[%clk 0:19:21]} f5 {[%clk 0:04:36]} 42. Kf2
{[%clk 0:18:52]} Kf7 {[%clk 0:04:01]} 43. Rdc1 {[%clk 0:18:51]} Kf6
{[%clk 0:04:02]} 44. f4 {[%clk 0:19:15]} gxf4 {[%clk 0:01:51]} 45. Nxf4
{[%clk 0:19:40]} g5 {[%clk 0:01:54]} 46. Ne2 {[%clk 0:19:50]} Ng6
{[%clk 0:00:50]} 47. g3 {[%clk 0:13:11]} Rh8 {[%clk 0:30:15]} 48. Ng1
{[%clk 0:43:31]} Ne7 {[%clk 0:30:24]} 49. Bb5 {[%clk 0:43:10]} Be4
{[%clk 0:29:18]} 50. Rd1 {[%clk 0:41:16]} g4 {[%clk 0:29:19]} 51. h4
{[%clk 0:41:35]} Rhd8 {[%clk 0:29:12]} 52. Rc4 {[%clk 0:40:49]} Kf7
{[%clk 0:28:19]} 53. Rd2 {[%clk 0:36:00]} f4 {[%clk 0:22:04]} 54. gxf4
{[%clk 0:35:40]} Nf5 {[%clk 0:21:31]} 55. Ne2 {[%clk 0:32:34]} Bf3
{[%clk 0:20:05]} 56. Rc7+ {[%clk 0:32:46]} Kf6 {[%clk 0:17:07]} 57. d5
{[%clk 0:30:04]} Bxd5 {[%clk 0:15:27]} 58. Ng3 {[%clk 0:23:46]} Bf3
{[%clk 0:12:55]} 59. Rxd6 {[%clk 0:20:07]} Nxd6 {[%clk 0:09:21]} 60. Bc6
{[%clk 0:18:45]} Bd5 {[%clk 0:06:06]} 61. Bxd5 {[%clk 0:17:59]} exd5
{[%clk 0:06:35]} 62. Rc6 {[%clk 0:16:21]} Ke7 {[%clk 0:06:44]} 63. Rxb6
{[%clk 0:16:12]} Rc8 {[%clk 0:06:44]} 64. f5 {[%clk 0:15:01]} d4 {[%clk 0:04:09]}
65. f6+ {[%clk 0:14:06]} Kd7 {[%clk 0:04:30]} 66. Ke2 {[%clk 0:09:52]} Rc2+
{[%clk 0:04:23]} 67. Ke1 {[%clk 0:09:05]} Rc3 {[%clk 0:03:45]} 68. Ne2
{[%clk 0:07:33]} Re3 {[%clk 0:02:39]} 69. f7 {[%clk 0:07:18]} Nxf7
{[%clk 0:02:44]} 70. Kd2 {[%clk 0:06:34]} Ne5 {[%clk 0:03:03]} 71. Nxd4
{[%clk 0:06:45]} Rd3+ {[%clk 0:03:25]} 72. Ke2 {[%clk 0:06:42]} Rxd4
{[%clk 0:03:49]} 73. Rb5 {[%clk 0:06:55]} Ke6 {[%clk 0:03:27]} 74. Rxa5
{[%clk 0:07:23]} g3 {[%clk 0:03:31]} 75. Ra8 {[%clk 0:07:07]} g2 {[%clk 0:03:50]}
76. Rg8 {[%clk 0:07:20]} Rg4 {[%clk 0:04:14]} 77. Rxg4 {[%clk 0:07:37]} Nxg4
{[%clk 0:04:42]}  0-1

[Event "European Senior Team Championship 2021"]
[Site "Don Giovanni hotel, Vinohradska 2733, Prague, Czech Republic"]
[Date "2021.08.30"]
[Round "1"]
[Board "3"]
[White "Malmdin, Nils-Ake"]
[Black "Konvalinka, Vladislav"]
[Result "1-0"]
[WhiteElo "2150"]
[BlackElo "1718"]
[PlyCount "0"]
[EventDate "2021.08.30"]
[EventType "team"]
[EventRounds "9"]
[EventCountry "ECX"]
[WhiteTeam "SWEDEN 1"]
[BlackTeam "OLDEST BOYS"]

1. e4 Nf6 2. Nc3 {[%clk 1:28:24]} d5 {[%clk 1:30:38]} 3. e5 {[%clk 1:28:40]} Ne4
{[%clk 1:29:45]} 4. Nce2 {[%clk 1:27:52]} d4 {[%clk 1:26:27]} 5. d3
{[%clk 1:25:49]} Nc5 {[%clk 1:25:31]} 6. f4 {[%clk 1:17:39]} Nc6 {[%clk 1:20:53]}
7. Ng3 {[%clk 1:09:27]} g6 {[%clk 1:11:01]} 8. a3 {[%clk 1:03:13]} a5
{[%clk 1:03:46]} 9. Be2 {[%clk 0:54:20]} Bh6 {[%clk 0:57:56]} 10. h4
{[%clk 0:50:12]} Ne6 {[%clk 0:50:20]} 11. Nh3 {[%clk 0:50:18]} Ng7
{[%clk 0:49:08]} 12. h5 {[%clk 0:41:14]} Be6 {[%clk 0:36:46]} 13. hxg6
{[%clk 0:35:50]} hxg6 {[%clk 0:36:24]} 14. Ng5 {[%clk 0:35:29]} Bf5
{[%clk 0:28:30]} 15. Bf3 {[%clk 0:33:27]} f6 {[%clk 0:24:51]} 16. Qe2
{[%clk 0:29:41]} Qd7 {[%clk 0:19:23]} 17. exf6 {[%clk 0:28:32]} Ne6
{[%clk 0:19:25]} 18. Nxf5 {[%clk 0:26:43]} gxf5 {[%clk 0:19:44]} 19. Bh5+
{[%clk 0:24:35]}  1-0

[Event "European Senior Team Championship 2021"]
[Site "Don Giovanni hotel, Vinohradska 2733, Prague, Czech Republic"]
[Date "2021.08.30"]
[Round "1"]
[Board "4"]
[White "Lacha, Jan"]
[Black "Hammar, Bengt"]
[Result "1/2-1/2"]
[WhiteElo "1825"]
[BlackElo "2130"]
[PlyCount "0"]
[EventDate "2021.08.30"]
[EventType "team"]
[EventRounds "9"]
[EventCountry "ECX"]
[WhiteTeam "OLDEST BOYS"]
[BlackTeam "SWEDEN 1"]

1. e4 {[%clk 1:30:30]} c5 {[%clk 1:30:24]} 2. Nc3 {[%clk 1:30:51]} e6
{[%clk 1:30:00]} 3. g3 {[%clk 1:30:59]} Nc6 {[%clk 1:30:04]} 4. Bg2
{[%clk 1:31:20]} g6 {[%clk 1:30:15]} 5. d3 {[%clk 1:31:33]} Bg7 {[%clk 1:30:06]}
6. Nge2 {[%clk 1:30:27]} Nge7 {[%clk 1:28:34]} 7. Be3 {[%clk 1:23:35]} Nd4
{[%clk 1:27:59]} 8. O-O {[%clk 1:17:30]} d6 {[%clk 1:24:56]} 9. Rb1
{[%clk 1:17:08]} O-O {[%clk 1:23:42]} 10. Qd2 {[%clk 1:14:06]} Rb8
{[%clk 1:20:02]} 11. Nd1 {[%clk 1:13:46]} Nxe2+ {[%clk 1:15:17]} 12. Qxe2
{[%clk 1:14:06]} b6 {[%clk 1:13:54]} 13. Qd2 {[%clk 1:08:19]} d5 {[%clk 1:09:20]}
14. f3 {[%clk 1:02:58]} f5 {[%clk 1:04:30]} 15. Nf2 {[%clk 0:58:37]} e5
{[%clk 0:58:50]} 16. Bh6 {[%clk 0:56:29]} d4 {[%clk 0:46:04]} 17. Bxg7
{[%clk 0:56:25]} Kxg7 {[%clk 0:46:31]} 18. f4 {[%clk 0:54:32]} exf4
{[%clk 0:45:21]} 19. Qxf4 {[%clk 0:52:56]} Bb7 {[%clk 0:45:33]} 20. Qe5+
{[%clk 0:48:02]} Kg8 {[%clk 0:44:47]} 21. Qe6+ {[%clk 0:48:14]} Kg7
{[%clk 0:44:31]} 22. Qe5+ {[%clk 0:48:06]} Kg8 {[%clk 0:44:53]}  1/2-1/2

[Event "European Senior Team Championship 2021"]
[Site "Don Giovanni hotel, Vinohradska 2733, Prague, Czech Republic"]
[Date "2021.08.30"]
[Round "1"]
[Board "1"]
[White "Mozna, Eva"]
[Black "Farago, Ivan"]
[Result "0-1"]
[WhiteElo "1905"]
[BlackElo "2323"]
[PlyCount "0"]
[EventDate "2021.08.30"]
[EventType "team"]
[EventRounds "9"]
[EventCountry "ECX"]
[WhiteTeam "CZECH REPUBLIC WOMEN"]
[BlackTeam "HUNGARY"]

1. d4 {[%clk 1:30:49]} Nf6 {[%clk 1:30:52]} 2. Nf3 {[%clk 1:31:17]} e6
{[%clk 1:31:05]} 3. g3 {[%clk 1:31:39]} c5 {[%clk 1:31:22]} 4. Bg2
{[%clk 1:31:45]} Qb6 {[%clk 1:31:32]} 5. O-O {[%clk 1:31:46]} Nc6
{[%clk 1:31:45]} 6. c3 {[%clk 1:31:35]} d5 {[%clk 1:31:54]} 7. e3
{[%clk 1:26:04]} Bd6 {[%clk 1:30:08]} 8. Nbd2 {[%clk 1:23:50]} O-O
{[%clk 1:30:16]} 9. Qe2 {[%clk 1:19:05]} e5 {[%clk 1:27:12]} 10. dxe5
{[%clk 1:11:39]} Nxe5 {[%clk 1:27:04]} 11. Nxe5 {[%clk 1:11:45]} Bxe5
{[%clk 1:27:24]} 12. e4 {[%clk 1:07:27]} Bg4 {[%clk 1:18:18]} 13. f3
{[%clk 1:03:49]} Bd7 {[%clk 1:15:41]} 14. exd5 {[%clk 1:02:20]} Rfe8
{[%clk 1:15:42]} 15. Qf2 {[%clk 1:00:22]} Bb5 {[%clk 1:12:07]} 16. c4
{[%clk 1:00:09]} Bd4  0-1

[Event "European Senior Team Championship 2021"]
[Site "Don Giovanni hotel, Vinohradska 2733, Prague, Czech Republic"]
[Date "2021.08.30"]
[Round "1"]
[Board "2"]
[White "Hardicsay, Peter"]
[Black "Modrova, Hana"]
[Result "1-0"]
[WhiteElo "2185"]
[BlackElo "1816"]
[PlyCount "0"]
[EventDate "2021.08.30"]
[EventType "team"]
[EventRounds "9"]
[EventCountry "ECX"]
[WhiteTeam "HUNGARY"]
[BlackTeam "CZECH REPUBLIC WOMEN"]

1. d4 {[%clk 1:30:49]} d6 {[%clk 1:30:39]} 2. Nf3 {[%clk 1:30:51]} Nf6
{[%clk 1:30:45]} 3. g3 {[%clk 1:30:49]} Bg4 {[%clk 1:30:54]} 4. Bg2
{[%clk 1:31:09]} c6 {[%clk 1:29:59]} 5. O-O {[%clk 1:30:42]} e6 {[%clk 1:29:07]}
6. c4 {[%clk 1:28:58]} Be7 {[%clk 1:27:34]} 7. Nc3 {[%clk 1:27:11]} O-O
{[%clk 1:26:25]} 8. h3 {[%clk 1:20:58]} Bh5 {[%clk 1:25:42]} 9. e4
{[%clk 1:16:50]} d5 {[%clk 1:23:18]} 10. exd5 {[%clk 1:10:43]} exd5
{[%clk 1:22:01]} 11. g4 {[%clk 1:10:59]} Bg6 {[%clk 1:21:53]} 12. Ne5
{[%clk 1:11:11]} dxc4 {[%clk 1:19:36]} 13. Nxc4 {[%clk 1:08:27]} Nbd7
{[%clk 1:16:52]} 14. f4 {[%clk 0:59:39]} h6 {[%clk 1:09:18]} 15. f5
{[%clk 0:49:48]} Bh7 {[%clk 1:08:25]} 16. Be3 {[%clk 0:44:17]} Re8
{[%clk 1:06:39]} 17. Qf3 {[%clk 0:41:43]} Kh8 {[%clk 1:00:37]} 18. Rad1
{[%clk 0:39:29]} Bb4 {[%clk 0:59:36]} 19. Ne5 {[%clk 0:38:36]} Re7
{[%clk 0:54:14]} 20. Bf4 {[%clk 0:34:32]} Qb6 {[%clk 0:44:05]} 21. Kh1
{[%clk 0:34:02]} Rae8 {[%clk 0:44:13]} 22. Bh2 {[%clk 0:29:52]} Qa5
{[%clk 0:41:42]} 23. a3 {[%clk 0:27:30]} Bxc3 {[%clk 0:41:59]} 24. Qxc3
{[%clk 0:27:01]} Qxc3 {[%clk 0:41:28]} 25. bxc3 {[%clk 0:27:14]} Nb6
{[%clk 0:39:27]} 26. c4 {[%clk 0:22:07]} Nfd7 {[%clk 0:36:06]} 27. c5
{[%clk 0:19:57]} Nd5 {[%clk 0:31:26]} 28. Nxd7 {[%clk 0:12:48]} Rxd7
{[%clk 0:30:48]} 29. Bd6 {[%clk 0:12:51]} Bg8 {[%clk 0:10:53]} 30. Bxd5
{[%clk 0:09:15]} cxd5 {[%clk 0:11:06]} 31. Rde1 {[%clk 0:09:24]} Rxe1
{[%clk 0:07:20]} 32. Rxe1 {[%clk 0:09:47]} f6 {[%clk 0:07:21]} 33. Re8
{[%clk 0:09:32]} Kh7 {[%clk 0:07:12]} 34. Kg2 {[%clk 0:09:50]} Bf7
{[%clk 0:07:23]} 35. Ra8 {[%clk 0:09:50]} a6 {[%clk 0:07:33]} 36. Kf2
{[%clk 0:09:43]} g6 {[%clk 0:07:34]} 37. Ke3 {[%clk 0:09:54]} gxf5
{[%clk 0:07:09]} 38. gxf5 {[%clk 0:10:19]} Bh5 {[%clk 0:07:00]} 39. Kf4
{[%clk 0:09:43]} Be2 {[%clk 0:03:30]} 40. Re8 {[%clk 0:07:01]} Bh5
{[%clk 0:03:22]} 41. Re6 {[%clk 0:04:42]} Rf7 {[%clk 0:02:54]} 42. Be7
{[%clk 0:03:57]} Kg7 {[%clk 0:02:59]} 43. Bd8 {[%clk 0:04:14]} Be2 44. Rxe2  1-0

[Event "European Senior Team Championship 2021"]
[Site "Don Giovanni hotel, Vinohradska 2733, Prague, Czech Republic"]
[Date "2021.08.30"]
[Round "1"]
[Board "3"]
[White "Pribylova, Ruzena"]
[Black "Volosin, Vladimir"]
[Result "0-1"]
[WhiteElo "1810"]
[BlackElo "2235"]
[PlyCount "0"]
[EventDate "2021.08.30"]
[EventType "team"]
[EventRounds "9"]
[EventCountry "ECX"]
[WhiteTeam "CZECH REPUBLIC WOMEN"]
[BlackTeam "HUNGARY"]

1. e4 {[%clk 1:30:56]} c6 {[%clk 1:30:38]} 2. d4 {[%clk 1:31:12]} d5
{[%clk 1:30:58]} 3. Nc3 {[%clk 1:31:27]} dxe4 {[%clk 1:31:13]} 4. Nxe4
{[%clk 1:31:54]} Nf6 {[%clk 1:31:33]} 5. Ng3 {[%clk 1:30:57]} Bg4
{[%clk 1:31:36]} 6. Be2 {[%clk 1:30:45]} Bxe2 {[%clk 1:31:52]} 7. N1xe2
{[%clk 1:30:52]} e6 {[%clk 1:32:10]} 8. O-O {[%clk 1:30:56]} Be7 {[%clk 1:29:03]}
9. c4 {[%clk 1:28:43]} O-O {[%clk 1:27:48]} 10. b3 {[%clk 1:28:43]} a5
{[%clk 1:26:49]} 11. Nc3 {[%clk 1:28:01]} Qc7 {[%clk 1:24:27]} 12. Qf3
{[%clk 1:14:48]} Nbd7 {[%clk 1:20:59]} 13. Rd1 {[%clk 1:10:57]} Rfd8
{[%clk 1:16:10]} 14. Bb2 {[%clk 1:07:43]} Rac8 {[%clk 1:09:57]} 15. h3
{[%clk 0:49:09]} Qb8 {[%clk 1:04:11]} 16. Rd2 {[%clk 0:43:16]} b5
{[%clk 0:58:44]} 17. Rad1 {[%clk 0:35:58]} bxc4 {[%clk 0:56:12]} 18. bxc4
{[%clk 0:34:57]} Qb4 {[%clk 0:54:03]} 19. d5 {[%clk 0:26:52]} Ne5
{[%clk 0:50:36]} 20. Qe2 {[%clk 0:22:42]} Nxc4 {[%clk 0:49:03]} 21. dxe6
{[%clk 0:21:31]} Rxd2 {[%clk 0:43:02]} 22. exf7+ {[%clk 0:20:24]} Kxf7
{[%clk 0:43:06]} 23. Rxd2 {[%clk 0:19:37]} Nxd2 {[%clk 0:41:29]} 24. Qxd2
{[%clk 0:20:06]} Rb8 {[%clk 0:36:02]} 25. Bc1 {[%clk 0:17:09]} Rd8
{[%clk 0:32:28]} 26. Qc2 {[%clk 0:16:22]} Qc4 {[%clk 0:31:21]} 27. Nf5
{[%clk 0:09:11]} Bb4 {[%clk 0:28:50]} 28. Bb2 {[%clk 0:09:23]} Rd3
{[%clk 0:26:45]} 29. Qe2 {[%clk 0:04:10]} Rxc3 {[%clk 0:24:49]} 30. Qe5
{[%clk 0:03:54]} Qd5 {[%clk 0:22:56]} 31. Bxc3 {[%clk 0:03:16]} Qxe5
{[%clk 0:23:04]} 32. Bxe5 {[%clk 0:03:21]} Ke6 {[%clk 0:22:05]} 33. Bxf6
{[%clk 0:03:29]} gxf6 {[%clk 0:22:09]} 34. Ne3 {[%clk 0:03:32]} Bc5
{[%clk 0:21:11]} 35. Kf1 {[%clk 0:02:33]} Bxe3 {[%clk 0:20:42]} 36. fxe3
{[%clk 0:03:02]} Ke5 {[%clk 0:20:59]} 37. Ke2 {[%clk 0:03:19]} Ke4
{[%clk 0:21:03]} 38. g4 {[%clk 0:03:19]} h6 {[%clk 0:20:18]} 39. a4
{[%clk 0:03:17]} c5 {[%clk 0:17:18]} 40. h4 {[%clk 0:02:03]} c4 {[%clk 0:15:24]}
41. Kd2 {[%clk 0:01:31]} Kf3 {[%clk 0:15:08]} 42. Kc3 {[%clk 0:00:49]} Kxg4 43.
Kxc4 Kxh4 {[%clk 0:14:29]} 44. Kb5 {[%clk 0:00:58]} Kg3 {[%clk 0:14:39]} 45. Kxa5
{[%clk 0:01:06]} h5 {[%clk 0:15:01]} 46. Kb6 {[%clk 0:00:48]} h4 {[%clk 0:15:27]}
 0-1

[Event "European Senior Team Championship 2021"]
[Site "Don Giovanni hotel, Vinohradska 2733, Prague, Czech Republic"]
[Date "2021.08.30"]
[Round "1"]
[Board "4"]
[White "Restas, Peter"]
[Black "Sunkova, Marie"]
[Result "1-0"]
[WhiteElo "2115"]
[BlackElo "1813"]
[PlyCount "0"]
[EventDate "2021.08.30"]
[EventType "team"]
[EventRounds "9"]
[EventCountry "ECX"]
[WhiteTeam "HUNGARY"]
[BlackTeam "CZECH REPUBLIC WOMEN"]

1. c4 {[%clk 1:30:57]} c6 {[%clk 1:30:45]} 2. e4 {[%clk 1:30:48]} e5
{[%clk 1:29:12]} 3. d4 {[%clk 1:30:21]} Bb4+ {[%clk 1:27:47]} 4. Bd2
{[%clk 1:24:01]} Bxd2+ {[%clk 1:17:29]} 5. Qxd2 {[%clk 1:24:18]} d6
{[%clk 1:16:49]} 6. Nc3 {[%clk 1:23:51]} Nd7 {[%clk 1:12:31]} 7. Nf3
{[%clk 1:23:02]} exd4 8. Nxd4 {[%clk 1:17:13]} Ne5 {[%clk 1:02:26]} 9. O-O-O
{[%clk 1:15:06]} Nf6 {[%clk 0:58:13]} 10. h3 {[%clk 1:14:53]} a6 {[%clk 0:53:34]}
11. f4 {[%clk 1:11:38]} Ng6 {[%clk 0:51:54]} 12. g4 {[%clk 1:11:34]} b5
{[%clk 0:44:45]} 13. Nxc6 {[%clk 1:06:50]} Qc7 {[%clk 0:43:30]} 14. Qxd6
{[%clk 1:04:17]} Qxd6 {[%clk 0:43:13]} 15. Rxd6 {[%clk 1:03:50]} Bd7
{[%clk 0:42:17]} 16. cxb5 {[%clk 1:01:56]} axb5 {[%clk 0:40:41]} 17. Bxb5
{[%clk 0:59:28]}  1-0

[Event "European Senior Team Championship 2021"]
[Site "Don Giovanni hotel, Vinohradska 2733, Prague, Czech Republic"]
[Date "2021.08.30"]
[Round "1"]
[Board "1"]
[White "Huss, Andreas"]
[Black "Sedlak, Ludek"]
[Result "1-0"]
[WhiteElo "2249"]
[BlackElo "1879"]
[PlyCount "0"]
[EventDate "2021.08.30"]
[EventType "team"]
[EventRounds "9"]
[EventCountry "ECX"]
[WhiteTeam "SWITZERLAND"]
[BlackTeam "CAISSA ROZTOKY"]

1. d4 {[%clk 1:30:54]} d5 {[%clk 1:30:42]} 2. c4 {[%clk 1:31:16]} e6
{[%clk 1:31:02]} 3. Nf3 {[%clk 1:31:30]} Nf6 {[%clk 1:30:43]} 4. Nc3
{[%clk 1:31:39]} Be7 {[%clk 1:25:23]} 5. Bg5 {[%clk 1:31:49]} Nbd7
{[%clk 1:23:59]} 6. e3 {[%clk 1:31:14]} h6 {[%clk 1:16:19]} 7. Bh4
{[%clk 1:27:42]} O-O {[%clk 1:08:21]} 8. Rc1 {[%clk 1:27:13]} c6 {[%clk 1:08:17]}
9. a3 {[%clk 1:26:24]} Re8 {[%clk 1:06:01]} 10. Qc2 {[%clk 1:22:09]} Nh5
{[%clk 1:02:14]} 11. Bxe7 {[%clk 1:09:05]} Qxe7 {[%clk 1:02:35]} 12. Ne5
{[%clk 1:08:24]} Nxe5 {[%clk 0:56:31]} 13. dxe5 {[%clk 1:08:42]} Qg5
{[%clk 0:53:45]} 14. f4 {[%clk 1:06:13]} Qh4+ {[%clk 0:51:11]} 15. Qf2
{[%clk 1:05:48]} Qxf2+ {[%clk 0:51:26]} 16. Kxf2 {[%clk 1:06:08]} g6
{[%clk 0:50:38]} 17. Be2 {[%clk 0:58:10]} Ng7 {[%clk 0:49:12]} 18. Rhd1
{[%clk 0:57:36]} Rd8 {[%clk 0:40:04]} 19. e4 {[%clk 0:50:50]} d4 {[%clk 0:39:39]}
20. c5 {[%clk 0:49:44]} Kf8 {[%clk 0:37:23]} 21. Na4 {[%clk 0:46:07]} Bd7
{[%clk 0:32:12]} 22. Rxd4 {[%clk 0:44:33]} Ke7 {[%clk 0:31:03]} 23. Rcd1
{[%clk 0:43:29]} Be8 {[%clk 0:31:11]} 24. Rd6 {[%clk 0:42:17]} h5
{[%clk 0:25:22]} 25. Rxd8 {[%clk 0:32:18]} Rxd8 {[%clk 0:25:42]} 26. Rxd8
{[%clk 0:32:44]} Kxd8 {[%clk 0:26:02]} 27. Kg3 {[%clk 0:33:09]} Bd7
{[%clk 0:20:51]} 28. Kh4 {[%clk 0:33:03]} Ne8 {[%clk 0:20:36]} 29. Kg5
{[%clk 0:32:09]} Ke7 {[%clk 0:20:51]} 30. Bd3 {[%clk 0:29:44]} Ng7
{[%clk 0:19:15]} 31. b4 {[%clk 0:28:13]} Kf8 {[%clk 0:14:24]} 32. Nb2
{[%clk 0:27:39]} b5 {[%clk 0:12:05]} 33. cxb6 {[%clk 0:27:00]} axb6
{[%clk 0:12:25]} 34. a4 {[%clk 0:27:15]} c5 {[%clk 0:09:59]} 35. b5
{[%clk 0:24:36]} Ne8 {[%clk 0:05:14]} 36. Nc4 {[%clk 0:24:51]} Nc7
{[%clk 0:05:20]} 37. Nxb6 {[%clk 0:25:00]} Be8 {[%clk 0:05:29]} 38. Kf6
{[%clk 0:24:40]} h4 {[%clk 0:05:26]} 39. h3 {[%clk 0:24:46]} g5 {[%clk 0:05:15]}
40. fxg5 {[%clk 0:24:22]} c4 {[%clk 0:04:31]} 41. Bxc4 {[%clk 0:22:29]} Bc6
{[%clk 0:04:31]} 42. g6 {[%clk 0:22:19]} Ne8+ {[%clk 0:04:15]} 43. Kg5
{[%clk 0:22:33]} Bxe4 {[%clk 0:04:29]} 44. gxf7 {[%clk 0:20:55]} Nc7
{[%clk 0:04:42]} 45. Kf6 {[%clk 0:19:52]}  1-0

[Event "European Senior Team Championship 2021"]
[Site "Don Giovanni hotel, Vinohradska 2733, Prague, Czech Republic"]
[Date "2021.08.30"]
[Round "1"]
[Board "2"]
[White "Fiser, Jiri"]
[Black "Hugentobler, Patrick"]
[Result "1/2-1/2"]
[WhiteElo "1815"]
[BlackElo "2168"]
[PlyCount "0"]
[EventDate "2021.08.30"]
[EventType "team"]
[EventRounds "9"]
[EventCountry "ECX"]
[WhiteTeam "CAISSA ROZTOKY"]
[BlackTeam "SWITZERLAND"]

1. e4 {[%clk 1:30:55]} e6 {[%clk 1:30:49]} 2. d4 {[%clk 1:31:18]} d5
{[%clk 1:31:14]} 3. Nd2 {[%clk 1:31:42]} a6 {[%clk 1:31:19]} 4. Ngf3
{[%clk 1:30:31]} c5 {[%clk 1:31:33]} 5. exd5 {[%clk 1:29:25]} exd5
{[%clk 1:31:51]} 6. Be2 {[%clk 1:27:32]} Nf6 {[%clk 1:31:29]} 7. O-O
{[%clk 1:27:08]} Bd6 {[%clk 1:29:09]} 8. dxc5 {[%clk 1:24:05]} Bxc5
{[%clk 1:29:29]} 9. Nb3 {[%clk 1:24:26]} Bb6 {[%clk 1:29:45]} 10. c4
{[%clk 1:12:35]} O-O {[%clk 1:21:23]} 11. Bg5 {[%clk 1:09:27]} dxc4
{[%clk 1:06:11]} 12. Bxc4 {[%clk 1:08:12]} Bg4 {[%clk 0:53:21]} 13. Qxd8
{[%clk 1:02:46]} Bxd8 {[%clk 0:52:23]} 14. Ne5 {[%clk 1:02:57]} Bh5
{[%clk 0:49:29]} 15. Rfe1 {[%clk 0:59:04]} Nbd7 {[%clk 0:41:40]} 16. Bf4
{[%clk 0:29:42]} Nb6 {[%clk 0:32:59]} 17. Be2 {[%clk 0:26:06]} Bxe2
{[%clk 0:32:29]} 18. Rxe2 {[%clk 0:26:35]} Nbd5 {[%clk 0:27:12]} 19. Bg3
{[%clk 0:26:56]} Bb6 {[%clk 0:26:33]} 20. Rd1 {[%clk 0:16:14]} Rac8
{[%clk 0:12:05]} 21. Red2 {[%clk 0:10:59]} Rfd8 {[%clk 0:12:18]} 22. Kf1
{[%clk 0:10:27]} g5 {[%clk 0:10:51]} 23. h4 {[%clk 0:09:42]} g4 {[%clk 0:08:05]}
24. Nxg4 {[%clk 0:09:00]} Nxg4 {[%clk 0:05:04]} 25. Rxd5 {[%clk 0:09:28]} Rxd5
{[%clk 0:04:17]} 26. Rxd5 {[%clk 0:09:57]} Rc4 {[%clk 0:02:08]} 27. Nd2
{[%clk 0:07:37]} Rd4 {[%clk 0:01:27]} 28. Rxd4 {[%clk 0:07:36]} Bxd4
{[%clk 0:01:56]} 29. b3 {[%clk 0:08:05]} Nh6 {[%clk 0:00:54]} 30. Bf4
{[%clk 0:07:32]} Nf5 {[%clk 0:01:14]} 31. g3 {[%clk 0:07:57]} f6 {[%clk 0:01:19]}
32. Ke2 {[%clk 0:08:23]} Kf7 {[%clk 0:01:37]} 33. Nc4 {[%clk 0:07:12]} Ke6
{[%clk 0:02:01]} 34. Ne3 {[%clk 0:06:58]} Ne7 {[%clk 0:01:43]} 35. Kd3
{[%clk 0:06:49]} Ba7 {[%clk 0:01:34]} 36. f3 {[%clk 0:06:39]} Nc6
{[%clk 0:01:09]} 37. a4 {[%clk 0:03:21]} Na5 {[%clk 0:01:20]} 38. Kc3
{[%clk 0:03:33]} Nc6 {[%clk 0:01:49]} 39. Kd3 {[%clk 0:02:01]} Na5
{[%clk 0:02:16]} 40. Kc3 {[%clk 0:02:23]} Nc6 {[%clk 0:02:46]}  1/2-1/2